00628 2200217 4500001002100000005001700021008004100038035002400079082001300103090002000116100002300136245011800159260002800277300002400305650001800329700001400347850001500361980001300376985000600389999001500395YOGYA-0209000001392320090227022353.0 ind  0010-020900000013923 a150.1954 a150.1954bJun M aJUNG, Carel Gustav aMemperkenalkan psikologi analitisbpendekatan terhadap ketaksadarancCarl Gustav Jung ; terjemahan oleh G. Cremes aJakartabGramediac1989 avii, 157 hlmc21 cm aPsikoanalisis aCremes, G aYOPDYOG(B) a11-07-05 a1 aB000017240